000
00276nam a22001337a 4500
003
SGT
082
_a
617.43
_b
E17N
100
_a
NAG, ADRITA
245
_a
EVALUATION OF TEMPOROMANADIBULAR
260
_a
SGTU
_c
2017
300
_a
145
650
_a
OMR DENTAL
942
_2
ddc
_c
TH
999
_c
20623
_d
20623